000 01343cam a22003857a 4500
003 CHAP
005 20230527062636.0
008 041117s1990 r 00010 d
010 _a65762
011 _a66734
020 _a9682411157
035 _a75565
040 _cCHAP
082 _a634
_bB4 1990
100 1 0 _aBerlijn, Johan D.
_911826
245 1 0 _aFruticultura
250 _a2 ed
260 _aMéxico :
_bTrillas,
_c1990
300 _a106 p
490 0 _aManuales para la educación agropecuaria. Producción vegetal
_v; 21
590 _aBATCH-UPD
_b10
_c20130110
_lUCH01
_h1950
590 _aBATCH-UPD
_b10
_c20130410
_lUCH01
_h1312
590 _aBATCH-UPD
_b10
_c20130914
_lUCH01
_h0608
590 _aBATCH-UPD
_b10
_c20130914
_lUCH01
_h2129
590 _aCONVERSION
_b10
_c20130109
_lUCH01
_h1336
650 1 4 _aFruticultura.
_943684
700 1 _aVan Haeff, J. N. M.
_9117766
710 0 _aMéxico. Dirección General de Educación Tecnológica Agropecuaria
_v; 21
_976981
830 0 _aManuales para educación agropecuaria. Producción vegetal (Trillas)
_v; 21
_970695
901 _aBK
942 _cLIBRO
949 _a634 B4 1990
_bBC
_cLIBRO
_d33724000871794
_eLIBRO
_h104700
_i75565
_si
949 _a634 B4 1990
_bZA
_cLIBRO
_d-69614
_eLIBRO
_fc.2
_h6152
_i75565
_si
949 _a634 B4 1990
_bZA
_cLIBRO
_d-8511
_eLIBRO
_h6151
_i75565
_si
999 _c65762
_d65762